|
|
|
|
| LEADER |
00783nam a2200217 a 4500 |
| 008 |
091208r19961994ii b 000 0 eng d |
| 020 |
|
|
|a 812190452
|
| 040 |
|
|
|a DLC
|c DLC
|d DLC
|
| 082 |
0 |
0 |
|a 330/.09
|2 20
|
| 100 |
1 |
|
|a Srivastava, Shri Krishna.
|
| 245 |
1 |
0 |
|a History of economic thought, /
|c S. K. Srivastava.
|
| 250 |
|
|
|a Fully rev. and enl. 4th ed.
|
| 260 |
|
|
|a Delhi,
|b S. Chand,
|c 1994.[Reprinted 1996]
|
| 300 |
|
|
|a xvi, 660 p.
|c 21 cm.
|
| 504 |
|
|
|a Includes bibliographies.
|
| 541 |
1 |
|
|e 00010938
|
| 650 |
|
0 |
|a Economics
|x History.
|
| 852 |
4 |
|
|a Ayesha Abed Library
|j General shelf
|
| 942 |
0 |
0 |
|0 1
|
| 999 |
|
|
|c 7268
|d 7268
|
| 952 |
|
|
|0 0
|1 0
|2 ddc
|4 0
|6 330_090000000000000_SRI_1996
|7 0
|9 7619
|a BRACUL
|b BRACUL
|c GEN
|d 2010-01-31
|l 4
|m 39
|o 330.09 SRI
|p 3010010938
|r 2023-05-18
|s 2023-01-16
|t 1
|w 2010-01-31
|y BK
|